Conquering Everest (Record no. 6752)
[ view plain ]
| 000 -LEADER | |
|---|---|
| fixed length control field | 00318nam a2200133Ia 4500 |
| 003 - CONTROL NUMBER IDENTIFIER | |
| control field | OSt |
| 008 - FIXED-LENGTH DATA ELEMENTS--GENERAL INFORMATION | |
| fixed length control field | 191201s2011 xx 000 0 und d |
| 100 ## - MAIN ENTRY--PERSONAL NAME | |
| Personal name | KELFAND, Lewis |
| 245 #0 - TITLE STATEMENT | |
| Title | Conquering Everest |
| 260 ## - PUBLICATION, DISTRIBUTION, ETC. (IMPRINT) | |
| Name of publisher, distributor, etc | KALYANI NAVYUG MEDIA PVT LTD |
| Date of publication, distribution, etc | 2011 |
| 300 ## - PHYSICAL DESCRIPTION | |
| Extent | 91 |
| 650 ## - SUBJECT ADDED ENTRY--TOPICAL TERM | |
| Topical term or geographic name as entry element | General Books |
| 942 ## - ADDED ENTRY ELEMENTS (KOHA) | |
| Source of classification or shelving scheme | Dewey Decimal Classification |
| Koha item type | Text Books |
| 942 ## - ADDED ENTRY ELEMENTS (KOHA) | |
| -- | 1 |
| Withdrawn status | Lost status | Source of classification or shelving scheme | Damaged status | Not for loan | Collection code | Home library | Current library | Date acquired | Source of acquisition | Cost, normal purchase price | Bill Number | Total Checkouts | Full call number | Acc. no. / Barcode | Date last seen | Date last borrowed | Actual Cost, discounted price | Bill Date | Koha item type | Public note |
|---|---|---|---|---|---|---|---|---|---|---|---|---|---|---|---|---|---|---|---|---|
| Dewey Decimal Classification | GENERAL | PIET C-LIBRARY | PIET C-LIBRARY | 21/07/2020 | Kalyani Nav yug Media Pvt Ltd. | 275.00 | 271 | 1 | 796.522 KEC | 30252 | 29/10/2022 | 29/09/2022 | 151.25 | 31/08/2018 | Text Books | Stories and Novels | ||||
| Dewey Decimal Classification | GENERAL | PIET C-LIBRARY | PIET C-LIBRARY | 21/07/2020 | Kalyani Nav yug Media Pvt Ltd. | 275.00 | 271 | 796.522 KEC | 30253 | 04/12/2019 | 151.25 | 31/08/2018 | Text Books | Stories and Novels | ||||||
| Dewey Decimal Classification | GENERAL | PIET C-LIBRARY | PIET C-LIBRARY | 21/07/2020 | Kalyani Nav yug Media Pvt Ltd. | 275.00 | 271 | 796.522 KEC | 30254 | 04/12/2019 | 151.25 | 31/08/2018 | Text Books | Stories and Novels |